[Event "It (cat.4)"]
[Site "masterchessopen.com – Bajmok (Yugoslavia)"]
[Round "3"]
[White "Glavas Dragan (CRO)"]
[Black "Pap Misa (SRB)"]
[Result "0-1"]
[WhiteElo "2291"]
[BlackElo "2422"]

1.d4 Nf6 2.c4 c5 3.d5 b5 4.Nf3 e6 5.dxe6 fxe6 6.cxb5 d5 7.Bg5 Be7 8.e3 O-O
9.Be2 Nbd7 10.O-O Bb7 11.Nc3 Qe8 12.Bh4 Bd6 13.Bg3 Bxg3 14.hxg3 e5 15.Nh4 e4
16.g4 Qe5 17.g3 Kh8 18.Kg2 g5 19.Nf5 Nb6 20.a4 Rad8 21.a5 Nc8 22.f4 exf3+
23.Bxf3 Nxg4 24.Bxg4 d4+ 25.Kh3 dxc3 26.Qc2 Rd2 27.Qxd2 cxd2 28.Nh6 Qd6 {#R}
0-1

[Event "It (open)"]
[Site "masterchessopen.com – Baunatal (Germany)"]
[Round "2"]
[White "Kalinitschew Sergey (GER)"]
[Black "Mueller Thorsten (GER)"]
[Result "1-0"]
[WhiteElo "2487"]
[BlackElo "2115"]

1.d4 e6 2.c4 Nf6 3.Nf3 c5 4.d5 b5 5.Bg5 Bb7 6.Nc3 bxc4 7.e4 d6 8.Bxc4 exd5
9.Bxd5 Bxd5 10.Bxf6 gxf6 11.Nxd5 Bg7 12.O-O Nd7 13.Nh4 Nb6 14.Nf5 Bf8 15.Re1
Nxd5 16.exd5+ Kd7 17.Qa4+ Kc7 18.Qc6+ Kb8 {#r} 1-0

[Event "Ch Belgium (team) 2001/02"]
[Site "masterchessopen.com – Belgium"]
[Round "5"]
[White "Van Der Stricht Geert (BEL)"]
[Black "Ikonnikov Vyacheslav (RUS)"]
[Result "0-1"]
[WhiteElo "2443"]
[BlackElo "2509"]

1.d4 Nf6 2.c4 e6 3.Nf3 c5 4.d5 b5 5.Bg5 exd5 6.cxd5 h6 7.Bxf6 Qxf6 8.Qc2 d6
9.e4 a6 10.a4 b4 11.Nbd2 Nd7 12.Bd3 g6 13.O-O Bg7 14.Nc4 O-O 15.Rfe1 a5 16.Re2
Ba6 17.e5 dxe5 18.Nfxe5 Nxe5 19.Nxe5 Rad8 20.Bc4 Bb7 21.Rd1 Rd6 22.Bb5 Rxd5
23.Rxd5 Bxd5 24.Qxc5 Rd8 25.Bd7 Be6 26.Qc7 Kh7 27.g3 Qe7 28.Nxg6 Qxd7 {#R} 0-1

[Event "Tournament (Elo)"]
[Site "masterchessopen.com – Budapest (Hungary)"]
[Round "13"]
[White "Vargyas Zoltan (HUN)"]
[Black "Sztruhar Zsuzsa (HUN)"]
[Result "1-0"]
[WhiteElo "2085"]
[BlackElo "2086"]

1.d4 Nf6 2.c4 e6 3.Nf3 c5 4.d5 b5 5.dxe6 fxe6 6.cxb5 d5 7.e3 Bd6 8.Nc3 O-O
9.Be2 Bb7 10.Qc2 Qe7 11.e4 Nbd7 12.Bg5 d4 13.Bxf6 Qxf6 14.Rd1 Ne5 15.Nb1 Qf4
16.Nbd2 Rad8 17.Bd3 Rf6 18.Rf1 Nxf3+ 19.Nxf3 e5 20.Bc4+ Kh8 21.Bd5 Bxd5
22.exd5 e4 23.Ng1 e3 24.Nf3 Re8 25.Rd3 {#r} 1-0

[Event "Ch Czech Republic (juniors) (team) 2001/02"]
[Site "masterchessopen.com – Czech Republic"]
[Round "0"]
[White "Cedikova Katerina (CZE)"]
[Black "Pechacek Stanislav (CZE)"]
[Result "1-0"]
[WhiteElo "2133"]
[BlackElo "2173"]

1.d4 Nf6 2.c4 e6 3.Nf3 c5 4.d5 b5 5.Bg5 Qa5+ 6.Nbd2 exd5 7.cxd5 Nxd5 8.e4 Nb6
9.Bd3 c4 10.Bc2 Nc6 11.O-O b4 12.e5 Qd5 13.Be4 Qe6 14.Rc1 Ba6 15.Re1 Be7
16.Bxc6 Qxc6 17.Nd4 Qg6 18.Bxe7 Kxe7 19.Ne4 Bb7 20.Ng3 Rhc8 21.Ndf5+ Kf8 22.e6
Re8 23.exd7 Red8 24.Qd4 Rxd7 {#r} 1-0

[Event "Tournament"]
[Site "masterchessopen.com – Dusseldorf (Germany)"]
[Round "8"]
[White "Stelter Wilhelm (GER)"]
[Black "Angermuende Dirk (GER)"]
[Result "0-1"]
[WhiteElo "1728"]
[BlackElo "2039"]

1.d4 e6 2.c4 Nf6 3.Nf3 c5 4.d5 b5 5.dxe6 fxe6 6.Bg5 Be7 7.cxb5 d5 8.e3 O-O
9.Bd3 Nbd7 10.Bf4 Qb6 11.b3 Bb7 12.Ne5 Nxe5 13.Bxe5 Rac8 14.a4 c4 15.Bc2 Bb4+
16.Nd2 cxb3 17.Bxb3 Ne4 18.Bd4 Qc7 19.O-O Nxd2 20.Qg4 Nxb3 {#R} 0-1

[Event "Ch Hungary (team) 2000/01 (3 liga)"]
[Site "masterchessopen.com – Hungary"]
[Round "11"]
[White "Banusz Viktor (HUN)"]
[Black "Ferencz Miklos (HUN)"]
[Result "1-0"]
[WhiteElo "2087"]
[BlackElo "2230"]

1.d4 Nf6 2.Nf3 c5 3.d5 e6 4.c4 b5 5.dxe6 fxe6 6.cxb5 d5 7.Qa4 Bd6 8.Bg5 Bb7
9.g3 O-O 10.Bh3 Qe8 11.Bxf6 Rxf6 12.O-O a6 13.Na3 axb5 14.Qxb5 Bc6 15.Qd3 e5
16.Nh4 e4 17.Qd2 Qh5 18.f3 e3 19.Qxe3 g5 20.Bg4 Qh6 21.Nf5 Qg6 22.Nxd6 Rxd6
23.Qxc5 Na6 24.Qd4 h5 25.Bh3 Rf8 26.Rac1 {#r} 1-0

[Event "It \"]
[Site "masterchessopen.com – Los Angeles (USA)"]
[Round "3"]
[White "Steel D (WLS)"]
[Black "Rensch Daniel (USA)"]
[Result "0-1"]
[WhiteElo "2039"]
[BlackElo "2208"]

1.d4 Nf6 2.c4 e6 3.Nf3 c5 4.d5 b5 5.a4 bxc4 6.Nc3 exd5 7.Nxd5 Bb7 8.e4 Nxd5
9.exd5 Bd6 10.Bxc4 O-O 11.O-O Na6 12.Ra3 h6 13.a5 Qf6 14.Nd2 Nb4 15.Ne4 Bxh2+
16.Kxh2 Qh4+ 17.Rh3 Qxe4 18.a6 Bxd5 19.Bxd5 Qxd5 20.Qg4 Qe6 21.Qh5 Rae8 22.Rg3
Qe5 23.Qh4 Re6 24.Bf4 Qf6 25.Qg4 Re4 26.Qxd7 Rxf4 27.Qb5 Qc6 {#R} 0-1

[Event "Ch Switzerland"]
[Site "masterchessopen.com – Scuol (Switzerland)"]
[Round "6"]
[White "Mira Helene (AUT)"]
[Black "Csiszar Csaba (HUN)"]
[Result "1-0"]
[WhiteElo "2136"]
[BlackElo "2370"]

1.d4 Nf6 2.c4 e6 3.Nf3 c5 4.d5 b5 5.Bg5 exd5 6.cxd5 Qa5+ 7.Nc3 Be7 8.Qd2 O-O
9.d6 Bd8 10.Bxf6 Bxf6 11.Nd5 Qxd2+ 12.Nxd2 Be5 13.Nc7 Bb7 14.Nxa8 Bxa8 15.a4
c4 16.axb5 Bxb2 17.Rxa7 c3 18.Kd1 Bd5 19.e4 Na6 20.bxa6 {#r} 1-0

[Event "It (open)"]
[Site "masterchessopen.com – St. Veit (Austria)"]
[Round "0"]
[White "Kummer Helmut (AUT)"]
[Black "Skorna Ullrich (GER)"]
[Result "1-0"]
[WhiteElo "2367"]
[BlackElo "2186"]

1.d4 e6 2.c4 Nf6 3.Nf3 c5 4.d5 b5 5.Bg5 b4 6.e4 d6 7.Bd3 h6 8.Bd2 g6 9.a3 bxa3
10.Rxa3 e5 11.O-O Bg7 12.Nc3 O-O 13.Qc2 a6 14.Nb5 Nxe4 15.Bxe4 f5 16.Bd3 e4
17.Be2 exf3 18.Bxf3 Rf6 {#r} 1-0

[Event "It (open)"]
[Site "masterchessopen.com – Turku (Finland)"]
[Round "1"]
[White "Veingold Aleksandr (EST)"]
[Black "Jarvela Jari (FIN)"]
[Result "1-0"]
[WhiteElo "2462"]
[BlackElo "2200"]

1.d4 Nf6 2.Nf3 c5 3.d5 e6 4.c4 b5 5.Bg5 h6 6.Bxf6 Qxf6 7.Nc3 b4 8.Nb5 Na6 9.e4
Be7 10.e5 Qf4 11.Bd3 f5 12.exf6 Qxf6 13.d6 Bd8 14.Qe2 Bb7 15.Ne5 Qg5 16.Bg6+
{#r} 1-0

[Event "Tournament (Elo)"]
[Site "masterchessopen.com – Budapest (Hungary)"]
[Round "4"]
[White "Vargyas Zoltan (HUN)"]
[Black "Ladanyi Gyula (HUN)"]
[Result "1-0"]
[WhiteElo "2151"]
[BlackElo "1951"]

1.d4 Nf6 2.Nf3 e6 3.c4 c5 4.d5 b5 5.dxe6 fxe6 6.cxb5 d5 7.Nc3 Bd6 8.e4 Be7
9.Bd3 O-O 10.e5 Ne8 11.h4 c4 12.Bxh7+ Kxh7 13.Ng5+ Kg6 14.Qc2+ Rf5 15.h5+ {#r}
1-0

[Event "Moravian League 2002/03 (2nd) (c)"]
[Site "masterchessopen.com – Czech Republic"]
[Round "5"]
[White "Vechet Stanislav (CZE)"]
[Black "Pisk Petr (CZE)"]
[Result "1-0"]
[WhiteElo "2239"]
[BlackElo "2353"]

1.d4 Nf6 2.c4 e6 3.Nf3 c5 4.d5 b5 5.dxe6 fxe6 6.Bg5 Bb7 7.cxb5 d5 8.e4 h6
9.Bxf6 Qxf6 10.e5 Qf7 11.Nbd2 Nd7 12.Bd3 g5 13.Qe2 Bg7 14.h3 O-O 15.O-O Qh5
16.Rfe1 Rf4 17.Nf1 Raf8 18.N1h2 d4 19.Bc4 Qe8 20.a4 Bxf3 21.Nxf3 Rxf3 22.gxf3
Nxe5 23.Ra3 Rf4 24.Kg2 h5 25.Qc2 d3 26.Bxd3 Nxf3 27.Bh7+ Kh8 28.Rxf3 {#r} 1-0

[Event "Ch France (team) (2) 2001/02"]
[Site "masterchessopen.com – France"]
[Round "8"]
[White "Amoyal Pierre (FRA)"]
[Black "Sulypa Alexandre (UKR)"]
[Result "0-1"]
[WhiteElo "2220"]
[BlackElo "2497"]

1.d4 Nf6 2.c4 e6 3.Nf3 c5 4.d5 b5 5.dxe6 fxe6 6.cxb5 Bb7 7.e3 d5 8.Be2 Bd6
9.O-O O-O 10.b4 c4 11.Bb2 Re8 12.Nbd2 Bxb4 13.Qc2 Nbd7 14.a3 Ba5 15.Bc3 Rc8
16.Rad1 Qb6 17.a4 Bxc3 18.Qxc3 Nc5 19.Ra1 Nfe4 20.Qc2 e5 21.Rfd1 Qa5 22.Nf1
Nb3 23.Ng3 Nxa1 24.Rxa1 {#R} 0-1

[Event "Bundesliga (2nd) North 2001/02"]
[Site "masterchessopen.com – Germany"]
[Round "6"]
[White "Paulsen Dirk (GER)"]
[Black "Krause Ullrich (GER)"]
[Result "1-0"]
[WhiteElo "2384"]
[BlackElo "2284"]

1.d4 e6 2.Nf3 Nf6 3.c4 c5 4.d5 b5 5.e4 Nxe4 6.dxe6 fxe6 7.Bd3 Nf6 8.Ng5 bxc4
9.Bxh7 Rxh7 10.Nxh7 d5 11.Ng5 e5 12.O-O Bf5 13.Re1 Nc6 14.Bf4 Qc7 15.Nc3 O-O-O
16.Bg3 d4 17.Nb5 Qd7 18.Qa4 Nb4 19.a3 a6 20.axb4 Qxb5 21.Qxb5 axb5 22.Rxe5 Bc2
23.Ra8+ Kd7 24.Rxd8+ Kxd8 25.Ne6+ Kc8 26.Nxf8 cxb4 27.Rxb5 {#r} 1-0

[Event "Ch Australia"]
[Site "masterchessopen.com – Melbourne (Australia)"]
[Round "10"]
[White "Booth Stewart (AUS)"]
[Black "Levi Eddy (AUS)"]
[Result "0-1"]
[WhiteElo "2180"]
[BlackElo "2269"]

1.d4 Nf6 2.Nf3 c5 3.d5 e6 4.c4 b5 5.dxe6 fxe6 6.cxb5 d5 7.e3 Bd6 8.Be2 O-O
9.Nc3 Bb7 10.O-O e5 11.Qc2 e4 12.Nd2 Nbd7 13.Re1 Kh8 14.Nd1 Ne5 15.b3 a5
16.Bc4 d4 17.Qb1 Qe8 18.Bb2 Qh5 19.Kh1 Nxc4 {#R} 0-1

[Event "It (open) \"]
[Site "masterchessopen.com – Schwabisch Gmund (Germany)"]
[Round "1"]
[White "Kunin Vitaly (GER)"]
[Black "Philipp Stephan (GER)"]
[Result "1-0"]
[WhiteElo "2476"]
[BlackElo "2170"]

1.d4 Nf6 2.Nf3 e6 3.c4 c5 4.d5 b5 5.dxe6 fxe6 6.cxb5 Bb7 7.Bg5 Qa5+ 8.Nc3 Ne4
9.Bd2 Nxd2 10.Qxd2 Be7 11.e4 d5 12.Bd3 O-O 13.O-O Qc7 14.exd5 exd5 15.Nxd5
{#r} 1-0

[Event "It (open)"]
[Site "masterchessopen.com – Batumi (Georgia)"]
[Round "1"]
[White "Izoria Zviad (GEO)"]
[Black "Odisharia Teona (GEO)"]
[Result "1-0"]
[WhiteElo "2600"]
[BlackElo "2182"]

1.d4 Nf6 2.c4 c5 3.d5 b5 4.Nf3 e6 5.Bg5 exd5 6.cxd5 Qa5+ 7.Nbd2 Nxd5 8.e4 Nc7
9.a4 Ne6 10.axb5 Qb4 11.Ra4 Qxb2 12.Nc4 Qc3+ 13.Bd2 Qf6 14.e5 Qg6 15.Nd6+ Bxd6
16.Nh4 Bxe5 17.Nxg6 hxg6 18.Qf3 {#r} 1-0

[Event "It (open)"]
[Site "masterchessopen.com – Montreal (Canada)"]
[Round "2"]
[White "Mikhalevski Alexander (ISR)"]
[Black "Audet-Bouchard Nicolas (CAN)"]
[Result "1-0"]
[WhiteElo "2410"]
[BlackElo "2232"]

1.d4 Nf6 2.c4 e6 3.Nf3 c5 4.d5 b5 5.Bg5 Qa5+ 6.Nc3 Ne4 7.Bd2 Nxd2 8.Qxd2 bxc4
9.e4 d6 10.Bxc4 e5 11.O-O Be7 12.Nxe5 dxe5 13.d6 Ba6 14.Bxa6 Qxa6 15.dxe7 Nc6
16.Qd6 Qb7 17.Nd5 Rc8 18.Rac1 Qd7 19.Qxc5 Nxe7 20.Qxe7+ {#r} 1-0

[Event "It (open)"]
[Site "masterchessopen.com – St. Lo (France)"]
[Round "1"]
[White "Blanche Paul (FRA)"]
[Black "Clement Nicolas (FRA)"]
[Result "0-1"]
[WhiteElo "2045"]
[BlackElo "2091"]

1.d4 Nf6 2.c4 c5 3.d5 b5 4.Nf3 e6 5.Nc3 b4 6.Nb1 Bb7 7.Bg5 h6 8.Bh4 g5 9.dxe6
gxh4 10.exf7+ Kxf7 11.Nbd2 Bg7 12.Ne5+ Kg8 13.Qc2 Nc6 14.Nxc6 Bxc6 15.O-O-O
Ng4 16.Rg1 Nxf2 17.Re1 Qg5 18.e3 Re8 19.Nf3 Bxf3 20.Qxf2 Bc6 21.g3 h3 22.Bxh3
Bd4 23.Kb1 Rxe3 24.Rgf1 Rxe1+ 25.Qxe1 Qe3 26.Qd1 Be4+ 27.Ka1 Bxb2+ {#R} 0-1

[Event "It (open)"]
[Site "masterchessopen.com – Stockerau (Austria)"]
[Round "3"]
[White "Mayer Martin (AUT)"]
[Black "Hangweyrer Manfred (AUT)"]
[Result "0-1"]
[WhiteElo "2078"]
[BlackElo "2347"]

1.d4 Nf6 2.Nf3 e6 3.c4 c5 4.d5 b5 5.Bg5 d6 6.e4 Be7 7.Bxf6 Bxf6 8.Qc2 exd5
9.cxd5 O-O 10.Be2 Na6 11.O-O c4 12.Nc3 Bd7 13.Rac1 Nc5 14.Rfe1 Re8 15.Bf1 Rc8
16.Nxb5 Bxb5 17.Bxc4 Bxc4 18.Qxc4 Bxb2 19.Rc2 Bf6 {#R} 0-1

[Event "It"]
[Site "masterchessopen.com – Tenerife (Spain)"]
[Round "7"]
[White "Martin Luis Cesar (ESP)"]
[Black "Alonso Moyano Jonathan (ESP)"]
[Result "0-1"]
[WhiteElo "2215"]
[BlackElo "2417"]

1.d4 e6 2.c4 c5 3.Nf3 Nf6 4.d5 b5 5.dxe6 fxe6 6.cxb5 d5 7.g3 Qa5+ 8.Nbd2 Qxb5
9.Bg2 Be7 10.O-O O-O 11.e4 Nc6 12.Re1 Rd8 13.exd5 exd5 14.Ne5 Nxe5 15.Rxe5 Bf8
16.Ne4 Nxe4 17.Bxe4 Bb7 18.Bxd5+ Kh8 19.Bg5 Rxd5 {#R} 0-1

[Event "Ch Attika (open)"]
[Site "masterchessopen.com – Attika (Greece)"]
[Date "2003.05.16"]
[Round "6"]
[White "Sargologos Rovertos (GRE)"]
[Black "Georgakopoulos Angelos (GRE)"]
[Result "0-1"]
[WhiteElo "1960"]
[BlackElo "2009"]

1.d4 Nf6 2.c4 e6 3.Nf3 c5 4.d5 b5 5.dxe6 fxe6 6.cxb5 Bb7 7.e3 Be7 8.b3 O-O
9.Bb2 d5 10.Nbd2 Nbd7 11.Ne5 Bd6 12.Ndf3 Nxe5 13.Nxe5 Bxe5 14.Bxe5 Ne4 15.Bd3
Qa5+ 16.Kf1 Nxf2 17.Bxh7+ Kxh7 18.Qh5+ Kg8 19.Qg6 Nh3+ {#R} 0-1

[Event "Tournament (thematic) \"]
[Site "masterchessopen.com – Groningen (Netherlands)"]
[Date "2003.09.06"]
[Round "2"]
[White "Van Putten Henk (NED)"]
[Black "Hummel Joop (NED)"]
[Result "1-0"]
[WhiteElo "2211"]
[BlackElo "2012"]

1.d4 Nf6 2.c4 e6 3.Nf3 c5 4.d5 b5 5.Bg5 exd5 6.cxd5 h6 7.Bxf6 Qxf6 8.Qc2 d6
9.e4 Nd7 10.Bxb5 Rb8 11.Nc3 g6 12.O-O Bg7 13.e5 dxe5 14.Bxd7+ Bxd7 15.Nxe5 Qf5
16.Qxf5 Bxf5 17.Nc6 Rxb2 18.Rfe1+ Kd7 19.Na4 Rd2 20.Nxc5+ Kd6 21.Rac1 Rxa2
22.Nb7+ Kc7 23.Nb4+ Rc2 24.Re7+ Kb8 25.Rxc2 Bxc2 26.Nc6+ Kc8 27.Nd6# 1-0

[Event "Ch Wales"]
[Site "masterchessopen.com – Cardiff (Wales)"]
[Date "2004.04.10"]
[Round "3"]
[White "Cobb James (WLS)"]
[Black "Morris Gareth (WLS)"]
[Result "1-0"]
[WhiteElo "2346"]
[BlackElo "2142"]

1.d4 Nf6 2.Nf3 c5 3.d5 e6 4.c4 b5 5.Bg5 Qa5+ 6.Nbd2 bxc4 7.Bxf6 gxf6 8.e4 Ba6
9.Qc2 c3 10.bxc3 Bxf1 11.Kxf1 Na6 12.Rb1 Nc7 13.g3 Nb5 14.Rb3 Nd6 15.c4 Bh6
16.Kg2 Bxd2 17.Nxd2 e5 18.Rf1 Rg8 19.f4 Ke7 20.Qb2 exf4 21.e5 Nf5 22.Rxf4 Nd4
23.exf6+ Kd6 24.Ne4+ {#r} 1-0

[Event "Ch Poland (w)"]
[Site "masterchessopen.com – Warsaw (Poland)"]
[Date "2004.04.29"]
[Round "4"]
[White "Gapa Sylwia (POL)"]
[Black "Krupa Monika (POL)"]
[Result "0-1"]
[WhiteElo "2030"]
[BlackElo "2276"]

1.d4 Nf6 2.Nf3 e6 3.c4 c5 4.d5 b5 5.g3 Bb7 6.Bg5 h6 7.Bxf6 Qxf6 8.Qd2 bxc4
9.Nc3 Na6 10.Bg2 Nb4 11.Nh4 Rb8 12.a3 g5 13.axb4 cxb4 14.Ne4 Qe5 15.f4 c3
16.Qd1 Qg7 17.dxe6 fxe6 18.fxg5 Bxe4 19.Bxe4 cxb2 20.Rb1 Bc5 21.g6 Rf8 22.Nf3
Be3 23.Rf1 Qc3+ 24.Nd2 Bxd2+ {#R} 0-1

[Event "It (open)"]
[Site "masterchessopen.com – Znojmo (Czech Republic)"]
[Date "2004.05.15"]
[Round "1"]
[White "Vokac Marek (CZE)"]
[Black "Angermuende Dirk (GER)"]
[Result "1-0"]
[WhiteElo "2469"]
[BlackElo "2035"]

1.d4 e6 2.Nf3 Nf6 3.c4 c5 4.d5 b5 5.Bg5 bxc4 6.Nc3 exd5 7.Nxd5 Be7 8.e4 Nxd5
9.Qxd5 Nc6 10.Bxc4 O-O 11.O-O Rb8 12.Rad1 Rxb2 13.Bc1 Rb6 14.e5 Qc7 15.Rfe1
Nd4 16.Nxd4 Bb7 17.Nf5 Bxd5 18.Nxe7+ Kh8 19.Nxd5 Qb7 20.Nxb6 axb6 21.Bb5 Re8
22.Rxd7 {#r} 1-0

[Event "Ch France (team) (nat.2) 2004/05"]
[Site "masterchessopen.com – France"]
[Date "2004.10.10"]
[Round "1"]
[White "Mohebbi Jaffar (FRA)"]
[Black "Kirsch Bernard (FRA)"]
[Result "1-0"]
[WhiteElo "2247"]
[BlackElo "2072"]

1.d4 Nf6 2.Nf3 c5 3.d5 e6 4.c4 b5 5.Bg5 h6 6.Bxf6 Qxf6 7.Nc3 b4 8.Nb5 Kd8 9.e4
a6 10.e5 Qf4 11.Qa4 Qe4+ 12.Be2 axb5 13.Qxa8 Na6 14.cxb5 Nc7 15.Qa5 exd5 16.b6
{#r} 1-0

[Event "Bundesliga B East 2004/05"]
[Site "masterchessopen.com – Austria"]
[Date "2005.01.29"]
[Round "5"]
[White "Kummer Helmut (AUT)"]
[Black "Stranz Richard (AUT)"]
[Result "1-0"]
[WhiteElo "2350"]
[BlackElo "2234"]

1.d4 Nf6 2.Nf3 c5 3.d5 e6 4.c4 b5 5.Bg5 Qa5+ 6.Nc3 Ne4 7.Bd2 Nxd2 8.Qxd2 bxc4
9.g3 Na6 10.Ne5 Be7 11.Bg2 Rb8 12.Nxc4 Qb4 13.b3 exd5 14.Bxd5 O-O 15.O-O Bf6
16.Rac1 Nc7 17.Rfd1 Bxc3 18.Qxc3 Nb5 19.Qe5 Nd4 20.Rxd4 cxd4 21.Nd6 Ba6 {#r}
1-0

[Event "Czech League 2004/05 (2nd) (a)"]
[Site "masterchessopen.com – Czech Republic"]
[Date "2005.02.06"]
[Round "7"]
[White "Tupy Martin (CZE)"]
[Black "Taborsky Rostislav (CZE)"]
[Result "1-0"]
[WhiteElo "2235"]
[BlackElo "2224"]

1.d4 Nf6 2.c4 e6 3.Nf3 c5 4.d5 b5 5.dxe6 fxe6 6.cxb5 Bb7 7.g3 a6 8.bxa6 Rxa6
9.Bg2 Be7 10.O-O O-O 11.Nbd2 d5 12.b3 Nbd7 13.Bb2 Qb8 14.Qc2 e5 15.e4 d4
16.Ne1 Qa8 17.Nd3 Nxe4 18.Nxe4 Bxe4 19.Bxe4 Qxe4 20.Qc4+ Kh8 21.Qxa6 Qf5 22.f3
Bg5 23.f4 Bh6 24.Rae1 e4 25.Ne5 e3 26.Qd6 {#r} 1-0

[Event "It (open)"]
[Site "masterchessopen.com – Santiago (Chile)"]
[Date "2005.02.23"]
[Round "10"]
[White "Vargas Ivan (CHI)"]
[Black "Avalos Joao (CHI)"]
[Result "0-1"]
[WhiteElo "2213"]
[BlackElo "2268"]

1.d4 Nf6 2.Nf3 e6 3.c4 c5 4.d5 b5 5.a4 b4 6.g3 exd5 7.cxd5 Bb7 8.d6 Qb6 9.Bf4
Nh5 10.a5 Qc6 11.a6 Nxa6 12.Rg1 Nxf4 13.gxf4 Qxd6 14.Qb3 Nc7 15.Nbd2 Qxf4
16.e3 Qf6 17.Bg2 g6 18.O-O-O Bg7 19.Ne5 {#R} 0-1

[Event "It (open)"]
[Site "masterchessopen.com – Bar (Yugoslavia)"]
[Date "2005.03.07"]
[Round "4"]
[White "Bisa Gani (MNE)"]
[Black "Kandic Milojko (MNE)"]
[Result "0-1"]
[WhiteElo "2005"]
[BlackElo "2073"]

1.d4 Nf6 2.Nf3 c5 3.d5 e6 4.c4 b5 5.e3 Bb7 6.Nc3 b4 7.Qb3 Qc8 8.Na4 exd5 9.Be2
dxc4 10.Qxc4 d5 11.Qf4 Ba6 12.Ng1 Nbd7 13.b3 c4 14.Nb2 c3 15.Nd3 Bxd3 16.Bxd3
Be7 17.Nf3 O-O 18.O-O a5 19.Nd4 g6 20.Qg3 Ne4 21.Bxe4 dxe4 22.f3 f5 23.fxe4
fxe4 24.Nf5 Bf6 25.Nd4 Be5 26.Rxf8+ Qxf8 27.Qg4 Nc5 28.Ne6 {#R} 0-1

[Event "Ch France (juniors)"]
[Site "masterchessopen.com – Calvi (France)"]
[Round "8"]
[White "Ludwig Remi (FRA)"]
[Black "Delivre Raphael (FRA)"]
[Result "1-0"]
[WhiteElo "2097"]
[BlackElo "2044"]

1.d4 Nf6 2.Nf3 e6 3.c4 c5 4.d5 b5 5.Bg5 Qa5+ 6.Qd2 b4 7.Bxf6 gxf6 8.e4 h5
9.Qf4 Na6 10.Be2 Bg7 11.O-O Rg8 12.Nbd2 Qb6 13.e5 fxe5 14.Nxe5 Bxe5 15.Qxe5
Bb7 16.Bxh5 Nc7 17.Qf6 Rf8 18.Ne4 Bxd5 19.cxd5 Nxd5 20.Qe5 O-O-O 21.Nd6+ Kb8
22.Nxf7+ d6 23.Qxe6 Nf4 24.Qf5 {#r} 1-0

[Event "It (open)"]
[Site "masterchessopen.com – Northeim (Germany)"]
[Date "2005.04.16"]
[Round "5"]
[White "Seifart Mario (GER)"]
[Black "Holloway Timo (GER)"]
[Result "0-1"]
[WhiteElo "1981"]
[BlackElo "2030"]

1.d4 Nf6 2.c4 e6 3.Nf3 c5 4.d5 b5 5.e4 Nxe4 6.dxe6 fxe6 7.cxb5 Be7 8.Bd3 Nf6
9.Qc2 O-O 10.Ng5 h6 11.h4 Nd5 12.Bh7+ Kh8 13.Bg8 Nf6 14.Nf7+ Rxf7 15.Bxf7 Bb7
16.Nc3 a6 17.Rh3 axb5 18.Rg3 b4 19.Qg6 Qf8 20.Ne2 Nc6 21.Nf4 Ne5 22.f3 Nd5
23.Qh5 Nxf4 24.Bxf4 Nd3+ 25.Kf1 Nxf4 26.Qe5 Qxf7 27.Rxg7 Qxg7 {#R} 0-1

[Event "It (open)"]
[Site "masterchessopen.com – Muehlhausen (Germany)"]
[Date "2005.05.06"]
[Round "4"]
[White "Lotze Andreas (GER)"]
[Black "Welke Klaus (GER)"]
[Result "0-1"]
[WhiteElo "1806"]
[BlackElo "2164"]

1.d4 Nf6 2.Nf3 e6 3.c4 c5 4.d5 b5 5.dxe6 fxe6 6.Bg5 bxc4 7.e4 Qa5+ 8.Bd2 Qb6
9.Nc3 d5 10.exd5 exd5 11.Qc2 Nc6 12.Bg5 Nb4 13.Qd2 Bf5 14.Rc1 d4 15.Bxf6 gxf6
16.Bxc4 dxc3 17.Qxc3 O-O-O 18.Qb3 Bh6 19.Rc3 Rhe8+ {#R} 0-1

[Event "Cup Federation (1/2 final)"]
[Site "masterchessopen.com – Tula (Russia)"]
[Date "2005.05.11"]
[Round "1"]
[White "Kainov Aleksey (RUS)"]
[Black "Koltsov Andrey (RUS)"]
[Result "1-0"]
[WhiteElo "2272"]
[BlackElo "1991"]

1.d4 Nf6 2.c4 e6 3.Nf3 c5 4.d5 b5 5.Bg5 bxc4 6.e4 Qa5+ 7.Qd2 Qxd2+ 8.Nfxd2 Be7
9.Nc3 O-O 10.Bxc4 h6 11.Bh4 d6 12.O-O-O Ba6 13.dxe6 Bxc4 14.Nxc4 fxe6 15.Nxd6
g5 16.Bg3 Nc6 17.f3 Nd4 18.Nc4 Nd7 19.Rhe1 e5 20.Nxe5 Nb6 21.Ng6 Rf7 22.Nxe7+
Rxe7 23.Bd6 {#r} 1-0

[Event "It (open) \"]
[Site "masterchessopen.com – Nerezine (Croatia)"]
[Date "2005.05.28"]
[Round "5"]
[White "Glavan Slavenko (BIH)"]
[Black "Serdt Simon (SLO)"]
[Result "1-0"]
[WhiteElo "2239"]
[BlackElo "2221"]

1.d4 Nf6 2.Nf3 c5 3.d5 e6 4.c4 b5 5.dxe6 fxe6 6.cxb5 d5 7.e3 Bd6 8.Nc3 Nbd7
9.a4 Bb7 10.Bd2 O-O 11.b4 cxb4 12.Na2 Qe7 13.Rb1 b3 14.Rxb3 Nc5 15.Rb1 Nfe4
16.Be2 Rf6 17.Nc3 Raf8 18.a5 e5 19.a6 Ba8 20.b6 axb6 21.Rxb6 Kh8 22.O-O Nxd2
23.Nxd2 e4 {#r} 1-0

[Event "It (open) (b)"]
[Site "masterchessopen.com – Balatonlelle (Hungary)"]
[Date "2005.06.21"]
[Round "4"]
[White "Repasi Zoltan (HUN)"]
[Black "Nagy Helga (HUN)"]
[Result "1-0"]
[WhiteElo "2127"]
[BlackElo "2112"]

1.d4 Nf6 2.c4 e6 3.Nf3 c5 4.d5 b5 5.Bg5 h6 6.Bxf6 Qxf6 7.Nc3 b4 8.Nb5 Na6 9.e4
d6 10.e5 dxe5 11.Qa4 exd5 12.Nc7+ Kd8 13.Nxd5 Qe6 14.O-O-O Bd7 15.Qa5+ Kc8
16.Nxe5 Be8 17.Bd3 Kb7 18.Rhe1 f5 19.Nf3 Qc8 20.Rxe8 Qxe8 21.Bxf5 Qc6 22.Ne5
Qe8 23.Bd7 Qxe5 24.Qb5# 1-0

[Event "It (open)"]
[Site "masterchessopen.com – Caerleon (Wales)"]
[Date "2005.07.09"]
[Round "1"]
[White "Mikhalevski Victor (ISR)"]
[Black "Rees Ioan (WLS)"]
[Result "1-0"]
[WhiteElo "2554"]
[BlackElo "2237"]

1.d4 Nf6 2.c4 c5 3.d5 b5 4.Nf3 e6 5.Bg5 Qa5+ 6.Nc3 bxc4 7.Bxf6 gxf6 8.e4 Ba6
9.Nd2 Bd6 10.Nxc4 Bxc4 11.Bxc4 Be5 12.O-O O-O 13.Kh1 Kh8 14.f4 Bxc3 15.bxc3
Qxc3 16.Rc1 Qd4 17.Qf3 a5 18.Rfd1 Qb2 19.Rb1 {#r} 1-0

[Event "It (open)"]
[Site "masterchessopen.com – Brno (Czech Republic)"]
[Date "2005.07.10"]
[Round "9"]
[White "Svoboda Rostislav (CZE)"]
[Black "Kopkan Pavel (CZE)"]
[Result "0-1"]
[WhiteElo "2043"]
[BlackElo "1952"]

1.d4 Nf6 2.Nf3 c5 3.d5 e6 4.c4 b5 5.dxe6 fxe6 6.cxb5 d5 7.e3 Bd6 8.Nc3 O-O
9.e4 d4 10.e5 dxc3 11.exd6 Ne4 12.bxc3 Bb7 13.Bb2 Nd7 14.Qc2 Ne5 15.Nxe5 Rxf2
16.Be2 Qg5 17.Ng4 Rxg2 18.h4 Qf4 19.Qd3 Ng3 20.Bc1 Qf8 21.Rh2 Rg1+ 22.Kd2 Qf4+
23.Qe3 Qxd6+ 24.Kc2 Be4+ 25.Kb2 Nxe2 26.Qxe4 Rb8 27.Rxe2 Rxb5+ 28.Kc2 Qd1# 0-1